000 00565nam a2200169 4500
001 136074
003 ES-MaACL
005 20230906195029.0
007 t|
008 070214q1910 fr r ||||1| fre d
100 1 _aRowntree, B. Seebohm.
_9100189
245 1 0 _aComment diminuer la misére
_b: etudes sur la Belgique /
_cB. Seebohm Rowntree ; traduit de l'anglais par A. -J. -A Hotermans.
260 _aParis :
_bCorbeil,
_c[1910?]
300 _aXVI, 652 p., 21 lám. ;
_c23 cm +
_e6 map.
700 1 _aHotermans, A. -J. -A.
_964308
852 _aES-MaACL
_jF-9403
999 _c136074
_d136074